| 000 | 00847nam a2200217Ia 4500 | ||
|---|---|---|---|
| 999 |
_c41525 _d41525 |
||
| 001 | 8192 | ||
| 003 | GE_BSU | ||
| 005 | 20221005143652.0 | ||
| 008 | 181216s1937ge xx |||||||||||||| ||geo|| | ||
| 040 | _cGE_BSU | ||
| 041 | _ageo | ||
| 080 | _a821.353.1-32 ე-27 | ||
| 100 |
_aევდოშვილი, იროდიონ _915062 |
||
| 245 |
_aთხზულებანი: მოთხრობები _bტ.3. / _cიროდიონ ევდოშვილი, რედ. შალვა რადიანი. |
||
| 264 |
_aთბილისი : _bფედერაცია, _c1937. |
||
| 300 |
_a358 გვ.: _c20 სმ. |
||
| 653 | _aთხზულებანი | ||
| 653 | _aმოთხრობები | ||
| 700 |
_aრადიანი, შალვა _eრედაქტორი _915063 |
||
| 942 |
_cBK _2udc |
||